Normal view
MARC view
Entry Topical Term
001 - CONTROL NUMBER
- control field: 13432
003 - CONTROL NUMBER IDENTIFIER
- control field: ARRUPE
005 - DATE AND TIME OF LATEST TRANSACTION
- control field: 20141215155839.0
008 - FIXED-LENGTH DATA ELEMENTS
- fixed length control field: 141215|| aca||aabn | a|a d
040 ## - CATALOGING SOURCE
- Original cataloging agency: ARRUPE
- Transcribing agency: ARRUPE
150 ## - HEADING--TOPICAL TERM
- Topical term or geographic name as entry element: Sociology
- General subdivision: Catholic
670 ## - SOURCE DATA FOUND
- Source citation: Work cat.: (ARRUPE): Jesuit Centre for Theological Reflection (JCTR) 13431, Jesuit Centre for Theological Reflection (3Vol.), 1988-